Philadelphia 76ers Starters of the Last 10 Years - Statistics

General Stats
  • This quiz has been taken 21 times
    10 since last reset
  • The average score is 33 of 93
Answer Stats
Games Position Year(s) Before 76ers Player % Correct
29 C 2025-2026 Karsiyaka (Turkey) Adem Bona
100%
61 C 2018-2019 Boston Celtics Al Horford
100%
275 PG 2018-2021 LSU Ben Simmons
100%
91 SG 2023-2024 Memphis Grizzlies De'Anthony Melton
100%
9 SG 2025-2026 Duke Jared McCain
100%
490 C 2017-2026 Kansas Joel Embiid
100%
378 PF/SF 2019-2024 Los Angeles Clippers Tobias Harris
100%
315 PG/SG 2021-2026 Kentucky Tyrese Maxey
100%
2 SG/SF 2019 Texas Tech Zhaire Smith
100%
60 C 2022, 2025-2026 Los Angeles Lakers Andre Drummond
80%
79 PG 2022-2023 Brooklyn Nets James Harden
80%
55 SF 2018-2019 Minnesota Timberwolves Jimmy Butler
80%
133 SG 2018-2019 Los Angeles Clippers JJ Redick
80%
150 SF 2024-2026 Charlotte Hornets Kelly Oubre Jr.
80%
32 PG 2024-2025 Miami Heat Kyle Lowry
80%
78 PF 2025-2026 Los Angeles Clippers Paul George
80%
44 SG 2025-2026 Dallas Mavericks Quentin Grimes
80%
24 C 2018-2019 Boston Celtics Amir Johnson
60%
59 PF 2026 Atlanta Hawks Dominick Barlow
60%
6 C 2021 Los Angeles Lakers Dwight Howard
60%
43 PF 2017-2018 Oklahoma City Thunder Ersan Ilyasova
60%
49 SG 2019-2022 Anadolu Efes (Turkey) Furkan Korkmaz
60%
38 SF 2025-2026 Kentucky Justin Edwards
60%
15 SG 2019 Washington Markelle Fultz
60%
78 SG/SF 2020-2023 Washington Matisse Thybulle
60%
28 C/PF 2022-2024 DePaul Paul Reed
60%
78 PF 2023-2024 Miami Heat P.J. Tucker
60%
163 SF 2017-2019, 2024 Houston Rockets Robert Covington
60%
75 SG 2026 Baylor VJ Edgecombe
60%
97 SF/SG 2021-2022 Los Angeles Lakers Danny Green
40%
1 C 2022 Los Angeles Lakers DeAndre Jordan
40%
4 SF 2020 Golden State Warriors Glenn Robinson III
40%
43 C 2025 Real Madrid Guerschon Yabusele
40%
33 C 2017-2018 Duke Jahlil Okafor
40%
17 SG 2025 Washington Wizards Jared Butler
40%
53 SG 2020 Miami Heat Josh Richardson
40%
4 SG 2019 Wichita State Landry Shamet
40%
7 SG 2025 Zalgiris Kaunas (Lithuania) Lonnie Walker IV
40%
38 PF 2024 Los Angeles Clippers Nicolas Batum
40%
1 C 2022 Brooklyn Nets Paul Millsap
40%
1 PG 2025 Denver Nuggets Reggie Jackson
40%
102 SG 2021-2022 Dallas Mavericks Seth Curry
40%
45 SG 2020-2023 SMU Shake Milton
40%
55 PG 2017-2019 Arizona T.J. McConnell
40%
3 C 2019 Los Angeles Clippers Boban Marjanovic
20%
24 SF 2025 Miami Heat Caleb Martin
20%
9 PG 2024, 2026 Milwaukee Bucks Cameron Payne
20%
3 PF 2025 Orlando Magic Chuma Okeke
20%
9 SF 2023-2024 Utah Jazz Danuel House Jr.
20%
122 PF 2017-2019 Anadolu Efes (Turkey) Dario Saric
20%
13 SG 2025 Phoenix Suns Eric Gordon
20%
41 SG 2017 Portland Trail Blazers Gerald Henderson
20%
1 SG/SF 2017 Tulsa 66ers Hollis Thompson
20%
2 SG 2021-2022 Arkansas Isaiah Joe
20%
3 SF 2023 Charlotte Hornets Jalen McDaniels
20%
12 SG/PG 2017-2018 Milwaukee Bucks Jerryd Bayless
20%
9 PF/SF 2024-2025 Los Angeles Clippers KJ Martin
20%
1 SG 2018 Atlanta Hawks Marco Belinelli
20%
7 PF 2024 Los Angeles Clippers Marcus Morris
20%
6 PF 2019 Atlanta Hawks Mike Muscala
20%
17 C 2024 Los Angeles Lakers Mo Bamba
20%
7 C 2017 Kentucky Nerlens Noel
20%
12 SF/SG 2025 Arkansas Ricky Council IV
20%
30 PG 2017 Real Madrid Sergio Rodriguez
20%
7 PF 2026 Brooklyn Nets Trendon Watford
20%
32 PF 2019 Denver Nuggets Wilson Chandler
20%
1 SG 2020 Golden State Warriors Alec Burks
0%
1 PF 2018 Fort Wayne Mad Ants Alex Poythress
0%
14 SG 2024 Indiana Pacers Buddy Hield
0%
2 SG 2022 Dallas Mavericks Charlie Brown Jr.
0%
3 SF 2019 Oklahoma City Thunder Corey Brewer
0%
2 SG 2021 Texas Legends Dakota Mathias
0%
1 C 2023 Miami Heat Dewayne Dedmon
0%
3 PG 2021 Oklahoma City Thunder George Hill
0%
8 PF 2022-2023 Utah Jazz Georges Niang
0%
6 PF 2026 Portland Trail Blazers Jabari Walker
0%
3 SG 2023-2024 Tennessee Jaden Springer
0%
2 SF 2019 Houston Rockets James Ennis III
0%
3 PG 2025 Delaware Blue Coats Jeff Dowtin Jr.
0%
10 PF/C 2019 Maccabi Tel Aviv (Israel) Jonah Bolden
0%
8 SF 2017 Dallas Mavericks Justin Anderson
0%
2 C 2020 Indiana Pacers Kyle O'Quinn
0%
5 SF 2025 Delaware Blue Coats Marcus Bagley
0%
1 SF 2026 Delaware Blue Coats MarJon Beauchamp
0%
26 PF 2019-2021 Los Angeles Clippers Mike Scott
0%
7 C 2023 Charlotte Hornets Montrezl Harrell
0%
27 SG 2017 Sacramento Kings Nik Stauskas
0%
2 SF 2025 Long Island Nets Oshae Brissett
0%
5 PG 2024 Chicago Bulls Patrick Beverley
0%
3 PG 2020 Utah Jazz Raul Neto
0%
19 C/PF 2017-2018 Bowling Green Richaun Holmes
0%
26 SF 2017-2018 Mega Leks (Serbia) Timothe Luwawu-Cabarrot
0%
8 C 2018 Utah Jazz Tony Bradley
0%
No matching quizzes found
Score Distribution
Percent of People with Each Score
Percentile by Number Answered
Your Score History
You have not taken this quiz since the last reset